<?xml version="1.0" encoding="UTF-8"?>
<collection xmlns="http://www.loc.gov/MARC21/slim">
<record>
  <controlfield tag="001">163857</controlfield>
  <controlfield tag="005">20251107115329.0</controlfield>
  <datafield tag="024" ind1="7" ind2=" ">
    <subfield code="2">doi</subfield>
    <subfield code="a">10.3389/feduc.2025.1656711</subfield>
  </datafield>
  <datafield tag="024" ind1="8" ind2=" ">
    <subfield code="2">sideral</subfield>
    <subfield code="a">145965</subfield>
  </datafield>
  <datafield tag="037" ind1=" " ind2=" ">
    <subfield code="a">ART-2025-145965</subfield>
  </datafield>
  <datafield tag="041" ind1=" " ind2=" ">
    <subfield code="a">eng</subfield>
  </datafield>
  <datafield tag="100" ind1=" " ind2=" ">
    <subfield code="a">Sanz-Remacha, María</subfield>
    <subfield code="u">Universidad de Zaragoza</subfield>
    <subfield code="0">(orcid)0000-0002-4950-9487</subfield>
  </datafield>
  <datafield tag="245" ind1=" " ind2=" ">
    <subfield code="a">COMIENDOP: a protocol to improve the motivational teaching styles of pre-service primary physical education teachers</subfield>
  </datafield>
  <datafield tag="260" ind1=" " ind2=" ">
    <subfield code="c">2025</subfield>
  </datafield>
  <datafield tag="520" ind1="3" ind2=" ">
    <subfield code="a">Introduction: Pre-service primary teachers, especially primary Physical Education (PE) teachers, must acquire core teaching skills and effective classroom management strategies. The acquisition of motivating teaching styles in PE lessons has positive consequences for both teachers and students. Grounded in Self-Determination Theory and the Circumplex Model, the present study presents the first intervention program designed to foster motivating teaching styles (i.e., autonomy support and structure) and prevent (de)motivating teaching styles (i.e., control and chaos) among preservice primary PE teachers.
Methods: The training program also strives to improve preservice primary PE teachers’ competence and motivation, which might increase motivation for PE and physical activity engagement in the students later under their charge. A quasi-experimental design was employed that took a mixedmethods approach. A total of 370 participants from the [anonymized peer review process] will participate in the study. Participants were divided into control and experimental groups. The intervention program is structured into two main phases (i.e., general and specific phases) and will last a total of 35 h. Theoretical and practical face-to-face sessions will be conducted by university PE specialist professors. Following the training program, participants will complete school placements to apply what they have learned.
Findings and discussion: Pre-service primary PE teachers will learn to effectively use motivational strategies and teaching skills, whilst also adopting motivating teaching styles during practical sessions. Motivation, (de)motivating teaching styles, and perceptions of efficacy and competence will be assessed via questionnaires and focus groups. Findings represent an important first step towards improving motivational training programs for pre-service primary PE teachers and improving the quality of university teaching.</subfield>
  </datafield>
  <datafield tag="506" ind1="0" ind2=" ">
    <subfield code="a">Access copy available to the general public</subfield>
    <subfield code="f">Unrestricted</subfield>
  </datafield>
  <datafield tag="536" ind1=" " ind2=" ">
    <subfield code="9">info:eu-repo/grantAgreement/ES/DGA/PROY_S01_24</subfield>
    <subfield code="9">info:eu-repo/grantAgreement/ES/DGA/S17-23R</subfield>
    <subfield code="9">info:eu-repo/grantAgreement/ES/UZ/JIUZ2023-CSJ-17</subfield>
  </datafield>
  <datafield tag="540" ind1=" " ind2=" ">
    <subfield code="9">info:eu-repo/semantics/openAccess</subfield>
    <subfield code="a">by</subfield>
    <subfield code="u">https://creativecommons.org/licenses/by/4.0/deed.es</subfield>
  </datafield>
  <datafield tag="655" ind1=" " ind2="4">
    <subfield code="a">info:eu-repo/semantics/article</subfield>
    <subfield code="v">info:eu-repo/semantics/publishedVersion</subfield>
  </datafield>
  <datafield tag="700" ind1=" " ind2=" ">
    <subfield code="a">Julián-Clemente, José Antonio</subfield>
    <subfield code="u">Universidad de Zaragoza</subfield>
    <subfield code="0">(orcid)0000-0002-7076-6621</subfield>
  </datafield>
  <datafield tag="700" ind1=" " ind2=" ">
    <subfield code="a">Aibar, Alberto</subfield>
    <subfield code="u">Universidad de Zaragoza</subfield>
    <subfield code="0">(orcid)0000-0001-9126-5976</subfield>
  </datafield>
  <datafield tag="710" ind1="2" ind2=" ">
    <subfield code="1">3001</subfield>
    <subfield code="2">187</subfield>
    <subfield code="a">Universidad de Zaragoza</subfield>
    <subfield code="b">Dpto. Expres.Music.Plást.Corp.</subfield>
    <subfield code="c">Área Didáctica Expres.Corporal</subfield>
  </datafield>
  <datafield tag="773" ind1=" " ind2=" ">
    <subfield code="g">10 (2025), 1-10</subfield>
    <subfield code="t">Frontiers in Education</subfield>
    <subfield code="x">2504-284X</subfield>
  </datafield>
  <datafield tag="856" ind1="4" ind2=" ">
    <subfield code="s">1134053</subfield>
    <subfield code="u">http://zaguan.unizar.es/record/163857/files/texto_completo.pdf</subfield>
    <subfield code="y">Versión publicada</subfield>
  </datafield>
  <datafield tag="856" ind1="4" ind2=" ">
    <subfield code="s">2098939</subfield>
    <subfield code="u">http://zaguan.unizar.es/record/163857/files/texto_completo.jpg?subformat=icon</subfield>
    <subfield code="x">icon</subfield>
    <subfield code="y">Versión publicada</subfield>
  </datafield>
  <datafield tag="909" ind1="C" ind2="O">
    <subfield code="o">oai:zaguan.unizar.es:163857</subfield>
    <subfield code="p">articulos</subfield>
    <subfield code="p">driver</subfield>
  </datafield>
  <datafield tag="951" ind1=" " ind2=" ">
    <subfield code="a">2025-11-07-10:26:06</subfield>
  </datafield>
  <datafield tag="980" ind1=" " ind2=" ">
    <subfield code="a">ARTICLE</subfield>
  </datafield>
</record>
</collection>